01745cam a22003375i 4500999001700000001001000017003000900027005001700036008004100053020002500094040004500119082002000164100003100184245005800215264007100273300003000344336002600374337002800400338002700428490006900455500005500524500002000579520042300599600005601022600007501078650003601153653002801189655001701217942001201234952016101246 c27590d27561016307710EG-ScBUE20190908122251.0130318s2013 enk f 001 0deng d a9780415850599 (pbk.) aStDuBDSbengerdacStDuBDSdUkdEG-ScBUE04a822.33bBRE2221 aBrennan, Anthony,eauthor.10aShakespeare's dramatic structures /cAnthony Brennan. 1aAbingdon ;aNew York :bRoutledge / Taylor & Francis Group,c2013. aviii, 163 pages ;c22 cm. atextbtxt2rdacontent aunmediatedbn2rdamedia avolumebnc2rdacarrier0 aRoutledge library edition.aShakespeare.aCritical studies ;vIV aFirst published in 1986 by Routledge & Kegan Paul. aIncludes index. aFirst published in 1986. The focus of this book is the dramatic strategies of scenic repetition and character separation. The author traces the way in which Shakesperare often presents recurring gestures, dramatic interactions, and complex scenic structures at widely separated intervals in a play - thereby providing an internal system of cross-reference for an audience. He also examines the way in which Shakespeare17aShakespeare, William,d1564-1616xTechnique.2BUEsh17aShakespeare, William,d1564-1616xCriticism and interpretation.2BUEsh 7aDramaxTechnique.2BUEsh939765 bHHUUEENNcSeptember2019 vReading book 2ddccBB 00102ddc40708BaccahaMAINbMAINc2NDd2019-09-08ePurchaseg366.00l2m1o822.33 BREp000048026r2025-07-15 00:00:00s2024-09-18v457.50w2019-09-08yBB